00339nam a2200121Ia 4500008004100000041000800041082001700049100001700066245004500083260004800128300003200176365000900208240624s9999 xx 000 0 und d aeng a332.0415 GUP aGUPTA UDAYAN aDONE DEALS VENTURE CAPITALISTS TELL THEI c2000aBostonbHarvard Business School Press aviii, : 413 : p. : cm. ; 23 cb30